The interpretation of statutes / (Record no. 1181)
[ view plain ]
| 000 -LEADER | |
|---|---|
| fixed length control field | 00556nam a22001937a 4500 |
| 001 - CONTROL NUMBER | |
| control field | 13147 |
| 003 - CONTROL NUMBER IDENTIFIER | |
| control field | BD-DhUAP |
| 005 - DATE AND TIME OF LATEST TRANSACTION | |
| control field | 20200203153333.0 |
| 008 - FIXED-LENGTH DATA ELEMENTS--GENERAL INFORMATION | |
| fixed length control field | 200203s2006 ii ||||| |||| 00| 0 eng d |
| 040 ## - CATALOGING SOURCE | |
| Original cataloging agency | BD-DhUAP |
| Language of cataloging | Eng |
| Transcribing agency | BD-DhUAP |
| Modifying agency | BD-DhUAP |
| 082 ## - DEWEY DECIMAL CLASSIFICATION NUMBER | |
| Edition number | 23 |
| Classification number | 341.1 BHA |
| 100 ## - MAIN ENTRY--PERSONAL NAME | |
| Personal name | Bhattacharyya, T. |
| 245 ## - TITLE STATEMENT | |
| Title | The interpretation of statutes / |
| Statement of responsibility, etc. | T. Bhattacharyya. |
| 250 ## - EDITION STATEMENT | |
| Edition statement | 6th ed. |
| 260 ## - PUBLICATION, DISTRIBUTION, ETC. | |
| Place of publication, distribution, etc. | Allahbad : |
| Name of publisher, distributor, etc. | Central law agency, |
| Date of publication, distribution, etc. | 2006. |
| 300 ## - PHYSICAL DESCRIPTION | |
| Extent | xxiv, 309 pages ; |
| Dimensions | 22 cm. |
| 650 ## - SUBJECT ADDED ENTRY--TOPICAL TERM | |
| Topical term or geographic name entry element | Law |
| Form subdivision | Interpretation and construction. |
| 942 ## - ADDED ENTRY ELEMENTS (KOHA) | |
| Source of classification or shelving scheme | |
| Koha item type | Book |
| Withdrawn status | Lost status | Source of classification or shelving scheme | Damaged status | Not for loan | Permanent Location | Current Location | Shelving location | Date acquired | Full call number | Barcode | Date last seen | Copy number | Price effective from | Koha item type | Total Checkouts | Total Renewals | Date last checked out |
|---|---|---|---|---|---|---|---|---|---|---|---|---|---|---|---|---|---|
| UAP Central Library | UAP Central Library | General Stacks | 2020-02-03 | 341.1 BHA | 3010013147 | 2020-02-03 | 1 | 2020-02-03 | Book | ||||||||
| UAP Central Library | UAP Central Library | General Stacks | 2020-02-03 | 341.1 BHA | 3010015266 | 2020-02-03 | 2 | 2020-02-03 | Book | ||||||||
| UAP Central Library | UAP Central Library | General Stacks | 2020-02-03 | 341.1 BHA | 3010015284 | 2020-02-03 | 3 | 2020-02-03 | Book | ||||||||
| UAP Central Library | UAP Central Library | General Stacks | 2020-02-03 | 341.1 BHA | 3010015286 | 2020-02-03 | 4 | 2020-02-03 | Book | ||||||||
| UAP Central Library | UAP Central Library | General Stacks | 2020-02-03 | 341.1 BHA | 3010013148 | 2020-02-03 | 5 | 2020-02-03 | Book | ||||||||
| UAP Central Library | UAP Central Library | General Stacks | 2020-02-03 | 341.1 BHA | 3010013149 | 2020-02-03 | 6 | 2020-02-03 | Book | ||||||||
| UAP Central Library | UAP Central Library | General Stacks | 2020-02-03 | 341.1 BHA | 3010015287 | 2025-03-20 | 7 | 2020-02-03 | Book | 1 | 2 | 2025-02-04 | |||||
| UAP Central Library | UAP Central Library | General Stacks | 2020-02-03 | 341.1 BHA | 3010013151 | 2020-02-03 | 8 | 2020-02-03 | Book | ||||||||
| UAP Central Library | UAP Central Library | General Stacks | 2020-02-03 | 341.1 BHA | 3010013150 | 2020-02-03 | 9 | 2020-02-03 | Book | ||||||||
| UAP Central Library | UAP Central Library | General Stacks | 2020-02-03 | 341.1 BHA | 3010015285 | 2024-01-18 | 10 | 2020-02-03 | Book | 1 | 2024-01-11 |
Bengali Keyboard